000 00465nab a2200145Ia 4500
003 ES-SlBCS
005 20210601132848.0
008 140529s1958 xxu||||| |||| 00| 0 ita d
041 _aita
100 1 _aGiannini, Giorgio
_962848
245 0 0 _aRecenti publicazioni filosofiche francesi
_c Giorgio Giannini
650 0 4 _aPublicaciones Filosóficas-Francia
_9199614
773 0 _tGiornali di Metafisica
_gvol. 13, nº. 3, 1958, págs. 340-364
_w0017-0372
942 _cAR
999 _c586828
_d586828